Addio Volandia

Saved in:
書目詳細資料
主要作者: Simone Signoret
格式: 圖書
語言:Undetermined
出版: Arnaldo Mondatori
標簽: 添加標簽
沒有標簽, 成為第一個標記此記錄!

MARC

LEADER 00000nam a2200000Ia 4500
001 R-1733
003 CODICE-MESSINA
005 20260212102530.0
008 260211s9999 xx 000 0 und d
040 |c importazione_messina 
100 |a Simone Signoret 
245 0 |a Addio Volandia 
260 |b Arnaldo Mondatori 
942 |2 ddc  |c BK 
952 |0 0  |1 0  |2 ddc  |4 0  |6 SCAFFALE_17_000000000000000__STANZA_2__LETTERATURA  |7 0  |9 32574  |a ME  |b ME  |d 2026-02-11  |l 0  |o SCAFFALE 17 - STANZA 2 - LETTERATURA  |p R-1733  |r 2026-02-11 23:53:16  |w 2026-02-11  |x [REVISIONARE]  |y BK 
999 |c 28241  |d 28241